Dersaburg und Iburg : Eine Bemerkung zum Atlas vorgeschichtlicher Befestigungen in Niedersachsen

Bibliographische Detailangaben
Veröffentlicht in:Zeitschrift des Historischen Vereins für Niedersachsen. - Hildesheim : Lax, 1854. - 85(1920), Seite 133-135
1. Verfasser: Rothert, H. (VerfasserIn)
Format: Aufsatz
Veröffentlicht: [s.l.] : [s.n.], 1920
Zugriff auf das übergeordnete Werk:Zeitschrift des Historischen Vereins für Niedersachsen
LEADER 01000caa a22002652c 4500
001 1783171324
003 DE-627
005 20250709175824.0
007 tu
008 211203s1920 xx ||||| 00| ||und c
035 |a (DE-627)1783171324 
035 |a (DE-599)KXP1783171324 
040 |a DE-627  |b ger  |c DE-627  |e rakwb 
100 1 |a Rothert, H.  |e verfasserin  |4 aut 
245 1 0 |a Dersaburg und Iburg  |b Eine Bemerkung zum Atlas vorgeschichtlicher Befestigungen in Niedersachsen  |c Rothert, H. 
264 1 |a [s.l.]  |b [s.n.]  |c 1920 
336 |a Text  |b txt  |2 rdacontent 
337 |a ohne Hilfsmittel zu benutzen  |b n  |2 rdamedia 
338 |a Band  |b nc  |2 rdacarrier 
773 0 8 |i Enthalten in  |a Historischer Verein für Niedersachsen  |t Zeitschrift des Historischen Vereins für Niedersachsen  |d Hildesheim : Lax, 1854  |g 85(1920), Seite 133-135  |w (DE-627)129090549  |w (DE-600)6347-2  |w (DE-576)014425696  |x 0179-0633  |7 nnas 
773 1 8 |g volume:85  |g year:1920  |g pages:133-135 
912 |a GBV_USEFLAG_U 
912 |a GBV_ILN_674 
912 |a SYSFLAG_1 
912 |a GBV_KXP 
912 |a SSG-OPC-NBOSN 
912 |a SSG-OPC-NBOLD 
912 |a GBV_ILN_11 
912 |a GBV_ILN_20 
912 |a GBV_ILN_21 
912 |a GBV_ILN_22 
912 |a GBV_ILN_24 
912 |a GBV_ILN_30 
912 |a GBV_ILN_31 
912 |a GBV_ILN_39 
912 |a GBV_ILN_40 
912 |a GBV_ILN_50 
912 |a GBV_ILN_61 
912 |a GBV_ILN_62 
912 |a GBV_ILN_65 
912 |a GBV_ILN_69 
912 |a GBV_ILN_70 
912 |a GBV_ILN_72 
912 |a GBV_ILN_78 
912 |a GBV_ILN_92 
912 |a GBV_ILN_104 
912 |a GBV_ILN_113 
912 |a GBV_ILN_121 
912 |a GBV_ILN_135 
912 |a GBV_ILN_176 
912 |a GBV_ILN_203 
912 |a GBV_ILN_217 
912 |a GBV_ILN_227 
912 |a GBV_ILN_244 
912 |a GBV_ILN_340 
912 |a GBV_ILN_350 
912 |a GBV_ILN_352 
912 |a GBV_ILN_665 
912 |a GBV_ILN_721 
912 |a GBV_ILN_791 
912 |a GBV_ILN_812 
912 |a GBV_ILN_1020 
912 |a GBV_ILN_1121 
912 |a GBV_ILN_2003 
912 |a GBV_ILN_2006 
912 |a GBV_ILN_2007 
912 |a GBV_ILN_2008 
912 |a GBV_ILN_2010 
912 |a GBV_ILN_2011 
912 |a GBV_ILN_2020 
912 |a GBV_ILN_2032 
912 |a GBV_ILN_2046 
912 |a GBV_ILN_2073 
912 |a GBV_ILN_2158 
912 |a GBV_ILN_2299 
912 |a GBV_ILN_2407 
912 |a GBV_ILN_2527 
912 |a GBV_ILN_4012 
912 |a GBV_ILN_4027 
912 |a GBV_ILN_4029 
912 |a GBV_ILN_4035 
912 |a GBV_ILN_4037 
912 |a GBV_ILN_4038 
912 |a GBV_ILN_4103 
912 |a GBV_ILN_4112 
912 |a GBV_ILN_4155 
912 |a GBV_ILN_4193 
912 |a GBV_ILN_4246 
912 |a GBV_ILN_4251 
912 |a GBV_ILN_4253 
912 |a GBV_ILN_4302 
912 |a GBV_ILN_4306 
912 |a GBV_ILN_4309 
912 |a GBV_ILN_4316 
912 |a GBV_ILN_4321 
912 |a GBV_ILN_4325 
912 |a GBV_ILN_788 
912 |a GBV_ILN_788 
912 |a ISIL_DE-Hv122a 
951 |a AR 
952 |d 85  |j 1920  |h 133-135 
980 |2 674  |1 01  |x 4674  |b 4744387942  |c 00  |f GWLB  |d --%%--  |e --%%--  |j --%%--  |y x  |z 09-07-25 
980 |2 788  |1 01  |x 4788/LMH-AR  |b 4024184776  |c 00  |f --%%--  |d 112,9  |e g  |j --%%--  |y n  |z 03-12-19 
982 |2 674  |1 00  |x 4674  |8 00  |s g  |0 (DE-627)193010572X  |a Dersaburg <Holdorf> 
982 |2 674  |1 00  |x 4674  |8 01  |s s  |0 (DE-627)1042705232  |a Burg 
982 |2 788  |1 00  |x DE-Hv122a  |8 00  |a Befestigung 
982 |2 788  |1 00  |x DE-Hv122a  |8 01  |a Burg 
982 |2 788  |1 00  |x DE-Hv122a  |8 02  |a Deutschland 
982 |2 788  |1 00  |x DE-Hv122a  |8 03  |a Mittelalter 
982 |2 788  |1 00  |x DE-Hv122a  |8 04  |a Niedersachsen 
982 |2 788  |1 00  |x DE-Hv122a  |8 05  |a Prähistorie 
982 |2 788  |1 00  |x DE-Hv122a  |8 06  |a Dersaburg 
982 |2 788  |1 00  |x DE-Hv122a  |8 07  |a Iburg 
983 |2 674  |1 00  |x 4674  |8 00  |0 (DE-627)104328785X  |a 8.4.4  |b Gebäude, sonst. 
986 |2 788  |1 00  |x DE-Hv122a  |b In: Zeitschrift des historischen Vereins für Niedersachsen 85(1920), S. 133 - 135